| Поле | Инд. | ПП | Название | Значение |
|---|---|---|---|---|
| Тип записи | a | |||
| Библиографический уровень | b | |||
| 001 | Контрольный номер | RU/IS/BASE/109428434 | ||
| 005 | Дата корректировки | 20200608194352.3 | ||
| 084 | a | Индекс другой классификации/Индекс ББК | 60.028.13; 66.01; 66.051 | |
| 100 | 1_ | a | Автор | Поливаева Н. П. |
| 245 | a | Заглавие | Тип общества и политическое сознание | |
| 504 | a | Библиография | Библиогр. ссылки. - Примеч. | |
| 650 | a | Основная рубрика | политика | |
| a | Основная рубрика | политическая философия (философия политики) | ||
| a | Основная рубрика | политология | ||
| a | Основная рубрика | социальная философия | ||
| a | Основная рубрика | философия | ||
| 653 | a | Ключевые слова | доиндустриальное общество | |
| a | Ключевые слова | массовое политическое сознание | ||
| a | Ключевые слова | общественное сознание | ||
| a | Ключевые слова | открытое общество | ||
| a | Ключевые слова | переходное общество | ||
| a | Ключевые слова | политическая идеология | ||
| a | Ключевые слова | политическая культура | ||
| a | Ключевые слова | политические ценности | ||
| a | Ключевые слова | политическое сознание | ||
| a | Ключевые слова | постиндустриальное общество | ||
| a | Ключевые слова | сознание | ||
| a | Ключевые слова | типология политического сознания | ||
| a | Ключевые слова | традиционное общество | ||
| a | Ключевые слова | традиционное сознание | ||
| a | Ключевые слова | этническое сознание | ||
| 773 | t | Заглавие источника | Вестник Московского университета. Серия 18, Социология и политология | |
| d | Дата издания источника | 2002 | ||
| g | Прочая информация | № 2. - С. 3 - 27 | ||
| w | Контрольный № источника | RU/IS/BASE/148577961 | ||
| 901 | t | Тип документа | b |